000
00456nam a2200181Ia 4500
008
090124s9999 xx 000 0 und d
082
_b
132423
100
_a
दिवाण वृंदा
245
_a
काळोख
250
_a
1
260
_c
2004
300
_a
216
600
_a
दिवाण वृंदा
630
_a
काळोख
700
_a
दिवाण वृंदा
730
_a
काळोख
942
_c
BOOK
999
_c
178512
_d
178512